000 00612nam a2200181Ia 4500
008 090124s9999 xx 000 0 und d
082 _b28795
100 _aगुप्ते डॉ. ललिता
245 _a चला व्यासपिठावर
250 _a1
260 _bउन्मेश प्रकाशन
_c1990
300 _a202
600 _aगुप्ते डॉ. ललिता
630 _a चला व्यासपिठावर
700 _aगुप्ते डॉ. ललिता
730 _a चला व्यासपिठावर
942 _cBOOK
999 _c95469
_d95469